000 00534nam a2200181Ia 4500
008 090124s9999 xx 000 0 und d
082 _b9087
100 _aमाडगूळकर ग. दि.
245 _a चैत्रबन
250 _a1
260 _bदेशमुख आणि कंपनी
_c1961
300 _a336
600 _aमाडगूळकर ग. दि.
630 _a चैत्रबन
700 _aमाडगूळकर ग. दि.
730 _a चैत्रबन
942 _cBOOK
999 _c86636
_d86636